| 000 | 00435nam a2200157 i 4500 | ||
|---|---|---|---|
| 001 | 133902 | ||
| 003 | ES-MaACL | ||
| 005 | 20230906194546.0 | ||
| 007 | t| | ||
| 008 | 070903s1909 fr ||||1| fre d | ||
| 100 | 1 |
_aWaltz, René. _9116029 |
|
| 245 | 1 | 0 |
_aVie de Sénèque / _cRené Waltz. |
| 260 |
_a[S.l. : _bs.n.], _c1909 ( _eEvreux : _fCh. Hèrissey et fils) |
||
| 300 |
_a462 p., 1 lám. ; _c23 cm. |
||
| 852 |
_aES-MaACL _jF-8379 |
||
| 999 |
_c133902 _d133902 |
||